Transfer 2012 [elektronický zdroj] : 13. medzinárodná vedecká konferencia. Častá - Papiernička, 17-18.10.2012

Guardado en:
Detalles Bibliográficos
Otros Autores: Híreš, Ondrej (Revisador), Mäsiar, Harold (Revisador), Turza, Jozef (Revisador), Chovanec, Alexej (Revisador)
Formato: Libro
Publicado: Trenčín : Trenčianska univerzita Alexandra Dubčeka v Trenčíne, 2012
Etiquetas: Agregar Etiqueta
Sin Etiquetas, Sea el primero en etiquetar este registro!

MARC

LEADER 00000nam a22000003a 4500
001 stu256603
005 20211109104919.9
008 121031s2012----xo----------------------d
020 |a 978-80-8075-560-7 
040 |a STU  |b slo 
041 0
044 |a xo 
100 1 |a Híreš, Ondrej  |4 rev  |X 68677  |7 A000068677 
245 1 |a Transfer 2012 [elektronický zdroj] :  |b 13. medzinárodná vedecká konferencia. Častá - Papiernička, 17-18.10.2012 
260 |a Trenčín :  |b Trenčianska univerzita Alexandra Dubčeka v Trenčíne,  |c 2012 
300 |a 1 CD-ROM 
700 1 |a Mäsiar, Harold  |4 rev 
700 1 |a Turza, Jozef  |4 rev  |u M250  |T MTF Detašované pracovisko v Dubnici nad Váhom  |X 1000601305  |U M250  |Y M250  |7 1000601305 
700 1 |a Chovanec, Alexej  |4 rev 
996 |b 284M084093  |c M*CD-2198  |l MMKN  |s A  |a 24  |w stu256603_0001 
996 |b 284M084092  |c M*CD-2197  |l MMKN  |s A  |a 24  |w stu256603_0002